000 01069cam a2200265 a 4500
001 000010562
005 20200929162241.0
008 890519s1991 pr b 000 d spa d
020 _a0865813949
035 _a(DLC) 89084649
040 _aDO-SdBNP
_bspa
_cBNPHU
_dDLC
082 _aPR862.4
_bR296t
100 1 _aRechani Agrait, Luis,
_d1902-1994?
_925627
245 1 0 _aTeatro de Luis Rechani Agrait /
_cLuis Rechani Agrait ; prólogo de Nilda González.
260 _aSan Juan, Puerto Rico :
_bInstituto de Cultura Puertorriqueña,
_c1991.
300 _a2 v. ;
_c24 cm.
504 _aIncluye referencias bibliográficas.
505 0 _gv. 1.
_tMi señoría. Todos los ruiseñores cantan. ¿Cómo se llama esta flor?. Tres piraguas en un día de calor --
_gv. 2.
_tLlora en el atardecer la fuente. ¡Oh, dorada ilusión de alas abiertas!. Oblomós.
650 4 _aTeatro puertorriqueño
_94514
650 4 _aLiteratura puertorriqueña
_9250
700 1 _aGonzález, Nilda,
_epról.
_925628
910 _aCatalogación por copia / LC
910 _aWM
049 _aBNPD
999 _c10320
_d10320